Nghiên cứu thành phần hóa học và thăm dò hoạt tính sinh học của cây Schefflera Petelotti và Schefflera Hypoleuca ở Việt nam

Tổng quan. Thực nghiệm. kết quả nghiên cứu và thảo luận

Gardado en:
Detalles Bibliográficos
Autor Principal: Nguyễn Vũ Trường
Outros autores: Nguyễn Thị Hoàng Anh PGS.TS (Hướng dẫn)
Formato: Libro
Idioma:Vietnamese
Publicado: Đà Nẵng Đại học Đà Nẵng 2011
Những chủ đề:
Các nhãn: Engadir etiqueta
Sen Etiquetas, Sexa o primeiro en etiquetar este rexistro!
Thư viện lưu trữ: Mạng thư viện Đại học Đà Nẵng
LEADER 01537nam a2200361 4500
001 000010492
003 6697
005 20111214091249.0
008 111214s2011 viesd
041 |a vie 
072 |a Luận văn Thạc sĩ khoa học 
082 |a 660.6  |b NG-T 
100 1 |a Nguyễn Vũ Trường 
245 1 |a Nghiên cứu thành phần hóa học và thăm dò hoạt tính sinh học của cây Schefflera Petelotti và Schefflera Hypoleuca ở Việt nam  |c Nguyễn Vũ Trường 
260 |a Đà Nẵng  |b Đại học Đà Nẵng  |c 2011 
300 |a 80 tr  |c 29 cm  |e 1 tóm tắt, 1 đĩa CD 
500 |a Luận văn Thạc sĩ Khoa học. Chuyên ngành: Hóa hữu cơ. Mã số: 60.44.27 
520 |a Tổng quan. Thực nghiệm. kết quả nghiên cứu và thảo luận 
653 |a Ứng dụng trong y học dân gian 
653 |a Luận văn Thạc sĩ Hóa hữu cơ 
653 |a Nguyên liệu, hóa chất và thiết bị 
653 |a Hóa học 
700 1 |a Nguyễn Thị Hoàng Anh  |c PGS.TS  |e Hướng dẫn 
OWN |a LSP 
AVA |a UDN50  |b LSP  |d 660.6 NG-T  |e available  |t Error 5001 Not defined in file expand_doc_bib_avail.  |f 1  |g 0  |h N  |i 0  |k 1 
999 |a From the UDN01 
AVA |a UDN50  |b LSP  |d 660.6 NG-T  |e available  |t Error 5001 Not defined in file expand_doc_bib_avail.  |f 1  |g 0  |h N  |i 0  |k 1 
TYP |a Monograph 
TYP |a Printed language 
980 |a Mạng thư viện Đại học Đà Nẵng